Statistics for Top 15 Countries with Covid-19 Deaths - 18 October

Click here to take the quiz!

General Stats

  • This quiz has been taken 13 times
  • The average score is 17 of 20

Answer Stats

country% Correct
Brazil
100%
France
100%
United Kingdom
100%
United States
100%
Argentina
92%
Chile
92%
Colombia
92%
India
92%
Italy
92%
Mexico
92%
Peru
92%
South Africa
92%
Spain
92%
Ecuador
85%
Russia
85%
Belgium
77%
Iran
69%
Panama
69%
Bolivia
62%
Sweden
62%

Score Distribution

Percentile by Number Answered

Percent of People with Each Score

Your Score History

You have not taken this quiz